Agricultural Economics (Record no. 2512)
[ view plain ]
| 000 -LEADER | |
|---|---|
| fixed length control field | 00539nam a22001457a 4500 |
| 020 ## - INTERNATIONAL STANDARD BOOK NUMBER | |
| International Standard Book Number | 9789331320612 |
| 082 ## - DEWEY DECIMAL CLASSIFICATION NUMBER | |
| Classification number | 338.1 |
| 100 ## - MAIN ENTRY--PERSONAL NAME | |
| Personal name | Singh,S.R |
| 245 ## - TITLE STATEMENT | |
| Title | Agricultural Economics |
| 260 ## - PUBLICATION, DISTRIBUTION, ETC. | |
| Place of publication, distribution, etc. | New Delhi |
| Name of publisher, distributor, etc. | APH publishing |
| Date of publication, distribution, etc. | 2013 |
| 300 ## - PHYSICAL DESCRIPTION | |
| Extent | 296 |
| 942 ## - ADDED ENTRY ELEMENTS (KOHA) | |
| Koha item type | Book |
| Withdrawn status | Lost status | Damaged status | Not for loan | Collection code | Permanent Location | Current Location | Shelving location | Date acquired | Total Checkouts | Full call number | Barcode | Date last seen | Price effective from | Koha item type |
|---|---|---|---|---|---|---|---|---|---|---|---|---|---|---|
| Central Library (CL) | Central Library (CL) | General Stacks | 01/25/2016 | 338.1 SIN | S3H-S-603 | 01/25/2016 | 01/25/2016 | Book | ||||||
| Central Library (CL) | Central Library (CL) | General Stacks | 01/25/2016 | 338.1 SIN | S3H-S-604 | 04/17/2019 | 01/25/2016 | Book |
